| 000 | 00587nam a22002297a 4500 | ||
|---|---|---|---|
| 003 | OSt | ||
| 005 | 20140310181749.0 | ||
| 008 | 130626t xxu||||| |||| 00| 0 eng d | ||
| 020 | _a9712702707 | ||
| 020 | _a9712702693 | ||
| 020 | _a9712702685 | ||
| 050 |
_aAG 195 _b.B224 1996 vol.3 |
||
| 082 |
_2FIL 030.9599 _bB27 1993 |
||
| 100 | _aBarrameda, Bong | ||
| 245 |
_aPinoy Trivia / _cBong Barameda. |
||
| 260 |
_aPhilippines : _bAnvil Publishing Inc., _c1996. |
||
| 300 |
_a100 p. _bill.; _c18 cm. |
||
| 942 |
_2lcc _cBK _kFIL |
||
| 999 |
_c3116 _d3116 |
||